[Event "CRO Topla Voda Cup"]
[Site "Tuhovec"]
[Date "2022.08.06"]
[Round "9.4"]
[White "Vajic, Hrvoje"]
[Black "Tomasic, Roland"]
[Result "1-0"]
[WhiteElo "2089"]
[BlackElo "2108"]
[PlyCount "123"]
[EventDate "2022.08.06"]
[EventType "team-tourn (blitz)"]
[EventRounds "11"]
[EventCountry "CRO"]
[SourceTitle "CBM 209 Extra"]
[Source "ChessBase"]
[SourceDate "2022.09.30"]
[SourceVersion "1"]
[SourceVersionDate "2022.09.30"]
[SourceQuality "1"]
[WhiteTeam "Novi Zagreb"]
[BlackTeam "Strigova Stridon"]
[WhiteTeamCountry "CRO"]
[BlackTeamCountry "CRO"]

1. e4 c5 2. Nf3 d6 3. d4 cxd4 4. Qxd4 Nc6 5. Bb5 Qd7 6. Qd3 a6 7. Bxc6 bxc6 8. c4 e5 9. 0-0 h6 10. Nc3 Qe6 11. b3 Be7 12. Na4 Rb8 13. Bb2 Qg6 14. Kh1 f5 15. Nd2 Nf6 16. f3 0-0 17. c5 Rd8 18. cxd6 Bxd6 19. Rad1 Be6 20. Qc2 Nh5 21. Nc4 Bxc4 22. Qxc4+ Kh8 23. Qxa6 Nf4 24. g3 Nh5 25. Qe2 f4 26. g4 Nf6 27. Rd3 Bc7 28. Rfd1 Rf8 29. Nc5 Rbe8 30. Nd7 Rf7 31. Nxf6 Qxf6 32. Rd7 Ref8 33. Qc4 Kh7 34. a4 Rxd7 35. Rxd7 Rd8 36. Rxd8 Qxd8 37. Qe2 Qb8 38. Qc2 Qb4 39. Kg2 Qe1 40. Qf2 Qd1 41. b4 Qxa4 42. Qd2 Bd6 43. Qxd6 Qc2+ 44. Kh3 Qxb2 45. Qxc6 Qxb4 46. Qe6 Qc3 47. Qf5+ Kh8 48. Qf8+ Kh7 49. Qf5+ Kg8 50. Qe6+ Kf8 51. Kg2 Qc2+ 52. Kh3 Qb2 53. Qf5+ Ke7 54. g5 Qc3 55. Kg4 Qd4 56. gxh6 gxh6 57. Qh7+ Kd6 58. Qxh6+ Ke7 59. Qg7+ Ke8 60. Kf5 Qd7+ 61. Qxd7+ Kf8 62. Kf6 1-0

[Event "CRO-chT3"]
[Site "Zagreb"]
[Date "2009.03.15"]
[Round "3"]
[White "Balenovic, Zvonimir"]
[Black "Vajic, Hrvoje"]
[Result "1-0"]
[WhiteElo "2236"]
[BlackElo "2077"]
[PlyCount "61"]
[EventDate "2009.03.08"]
[EventType "team-tourn"]
[EventRounds "9"]
[EventCountry "CRO"]
[SourceTitle "EXT 2011"]
[Source "ChessBase"]
[SourceDate "2010.11.26"]
[SourceVersion "1"]
[SourceVersionDate "2010.11.26"]
[SourceQuality "1"]

1. e4 c5 2. Nf3 e6 3. c3 d5 4. exd5 Qxd5 5. d4 Nf6 6. Be2 cxd4 7. cxd4 Bb4+ 8. Nc3 Ne4 9. Bd2 Bxc3 10. bxc3 Nxd2 11. Qxd2 0-0 12. 0-0 Qa5 13. Bd3 Nd7 14. Rfe1 Nf6 15. Qc2 Qc7 16. Ne5 b6 17. Re3 Bb7 18. Rh3 h6 19. Re1 Nd5 20. Qd2 f6 21. Ng6 Rfe8 22. c4 Ne7 23. Rxe6 Nxg6 24. Rxe8+ Rxe8 25. Bxg6 Qf4 26. Re3 Rd8 27. Qe2 Bc6 28. d5 Ba4 29. g3 Qd4 30. Re7 Qa1+ 31. Kg2 1-0

[Event "Zagreb op-B"]
[Site "Zagreb"]
[Date "2008.05.16"]
[Round "5"]
[White "Frouth, Nenad"]
[Black "Vajic, Hrvoje"]
[Result "1-0"]
[WhiteElo "2211"]
[BlackElo "2080"]
[PlyCount "65"]
[EventDate "2008.05.12"]
[EventType "swiss"]
[EventRounds "9"]
[EventCountry "CRO"]
[SourceTitle "CBM 124 Extra"]
[Source "ChessBase"]
[SourceDate "2008.07.03"]
[SourceVersion "1"]
[SourceVersionDate "2008.07.03"]
[SourceQuality "1"]

1. Nf3 Nf6 2. b3 g6 3. Bb2 Bg7 4. e3 c5 5. c4 b6 6. Nc3 Bb7 7. d4 0-0 8. Be2 e6 9. 0-0 Na6 10. dxc5 bxc5 11. Qb1 d5 12. cxd5 exd5 13. Rd1 Qa5 14. Nb5 Rfd8 15. Be5 Bc6 16. a4 Ne4 17. Bxg7 Kxg7 18. Qb2+ f6 19. Rac1 Rd7 20. Ne1 Nc7 21. f3 Nd6 22. Rxc5 Qb6 23. Nxc7 Rxc7 24. Nd3 Nf5 25. a5 Qb7 26. Nf4 Re8 27. Rdc1 Nxe3 28. Bb5 Nd1 29. Qd2 Rce7 30. Be2 g5 31. Qxd1 gxf4 32. Rxc6 Kh8 33. Bf1 1-0

[Event "Secondario 15th"]
[Site "Caorle"]
[Date "1990.07.08"]
[Round "2.31"]
[White "Vajic, Hrvoje"]
[Black "Belvisi, Ivano"]
[Result "0-1"]
[WhiteElo "1800"]
[BlackElo "1900"]
[PlyCount "104"]
[EventDate "1990.07.07"]
[EventType "swiss"]
[EventRounds "8"]
[EventCountry "ITA"]
[SourceTitle "EXT 2023"]
[Source "ChessBase"]
[SourceDate "2022.10.05"]
[SourceVersion "1"]
[SourceVersionDate "2022.10.05"]
[SourceQuality "1"]

1. e4 c5 2. Nf3 e6 3. d4 cxd4 4. Nxd4 Nf6 5. Nc3 Bb4 6. Bd3 Nc6 7. Nxc6 dxc6 8. e5 Nd5 9. Qg4 Kf8 10. 0-0 h5 11. Qe4 Qa5 12. Ne2 b5 13. c3 Be7 14. f4 g6 15. Nd4 Qb6 16. Kh1 a6 17. Qe2 c5 18. Nf3 c4 19. Be4 Bb7 20. a4 Kg7 21. Bxd5 Bxd5 22. Be3 Qb7 23. a5 Bxf3 24. Qxf3 Qxf3 25. Rxf3 Rhd8 26. Bd4 Rd5 27. Rff1 Rad8 28. Kg1 Bc5 29. Bxc5 Rxc5 30. Rfd1 Rcd5 31. Rxd5 Rxd5 32. Rf1 Kf8 33. Rf2 Ke7 34. Kf1 Kd7 35. Ke1 Kc6 36. Rd2 Rxd2 37. Kxd2 Kc5 38. Ke3 b4 39. cxb4+ Kxb4 40. Kd4 Kb5 41. g3 Kb4 42. h3 Kb5 43. g4 hxg4 44. hxg4 Kb4 45. f5 gxf5 46. gxf5 Kb5 47. Ke4 Kxa5 48. Kf4 Kb5 49. Kg5 exf5 50. Kxf5 Kc5 51. e6 fxe6+ 52. Kxe6 c3 0-1